000 00628nam a22002297a 4500
003 UA-OsUOA
001 93267
007 ta
008 20130116b un ||||| |||| 00| 0 ukr d
100 _aВоробьев Е.
090 _a821.161.1
_bВ 75
942 _cBK
040 _aUA-OsUOA
_brus
_cUA-OsUOA
_dUA-OsUOA
245 _aОхота к перемене мест
_bроман
300 _a440 с.
955 _a4
041 _arus
080 _a821.161.1
260 _aМ.
_bСоветский писатель
_c1979
650 7 _a82 Література. Літературознавство
_2UDC
999 _c379510
_d379510